• 首页
  • 本馆介绍
  • 公告通知
  • 最新文献
  • 馆藏检索
  • 电子资源
  • 读者导购
  • 参考咨询
  • 我的图书馆
  • 登录
  • 详细信息显示
  • 放入我的书架
  • 预约/预借图书
  • 作者相关作品
  • 分类相关作品
  • 丛书相关作品
  • 出版社相关作品

书目信息

  • 表格格式
  • 工作单格式
  • 卡片格式
题名:
全球商业一百年
    
 
作者: 陈润 著
分册: 上   大商崛起
出版信息: 杭州   浙江人民出版社  2013.2
页数: 244页
开本: 24cm
丛书名:
单 册:
中图分类: F731
科图分类:
主题词: 商业史--世界--1914-2014
电子资源:
ISBN: 978-7-213-05335-1
000 01055nam0 2200265 45
001 1359686812
005 20130529084008.00
010    @a978-7-213-05335-1@dCNY35.00
100    @a20130513d2013 em y0chiy0121 ea
101 0  @achi
102    @aCN@b330000
105    @aa a 000yy
106    @ar
200 1  @a全球商业一百年@AQuan Qiu Shang Ye Yi Bai Nian@d100 Years global business@e1914-2014@h上@HShang@i大商崛起@IDa Shang Jue Qi@f陈润著@FChen Run Zhu@zeng
210    @a杭州@c浙江人民出版社@d2013.2
215    @a244页@c图@d24cm
320    @a有书目 (第240-242页)
330    @a本书精彩总结了最近100年来全球商业的发展趋势和优秀企业的成长路径, 回答了许多企业家、管理者、创业者在前进道路上所遇到的各种问题。作者将上百位世界级企业家的创业故事记叙下来, 描绘了一个充满硝烟战火的真实江湖, 令人回味深思。
510 1  @a100 Years global business@zeng
517 1  @a大商崛起@ADa Shang Jue Qi
606 0  @a商业史@y世界@z1914-2014
690    @aF731@v5
701  0 @a陈润@AChen Run@4著
801    @aCN@bTANGWEI@c20130522
905    @b0833154-59@dF731@e140:1@f6
    
    全球商业一百年=100 Years global business:1914-2014.上.大商崛起/陈润著.-杭州:浙江人民出版社,2013.2
    244页:图;24cm
    
    
    ISBN 978-7-213-05335-1:CNY35.00
    本书精彩总结了最近100年来全球商业的发展趋势和优秀企业的成长路径, 回答了许多企业家、管理者、创业者在前进道路上所遇到的各种问题。作者将上百位世界级企业家的创业故事记叙下来, 描绘了一个充满硝烟战火的真实江湖, 令人回味深思。
●
相关链接 在E读中查询图书 在五车中查询图书 在当当中查询图书 在豆瓣中查询图书


正题名:全球商业一百年     索取号:F731/140:1         预约/预借

序号 登录号 条形码 馆藏地/架位号 状态 备注
1 0833154   208331544   第一样本阅览室/ [索取号:F731/140:1] 在馆    
2 0833155   208331553   第一借阅区/ [索取号:F731/140:1] 在馆    
3 0833156   208331562   第一借阅区/ [索取号:F731/140:1] 在馆    
4 0833157   208331571   第一借阅区/ [索取号:F731/140:1] 在馆    
5 0833158   208331580   第一借阅区/ [索取号:F731/140:1] 在馆    
6 0833159   208331599   第一借阅区/ [索取号:F731/140:1] 在馆    
唐山师范学院图书馆 欢迎您!
大连网信软件有限公司© 版权所有